Spy vs. Spy Logic Puzzle Quiz Stats

 Plays Quiz Updated Mar 7, 2015

Score 0/36 Timer 20:00
18 Plays Today
Hint Answer % Correct



A1


???
100%



A3


???
69.4%



E1


???
67.7%



A5


???
66.6%



E3


???
66.2%



E5


???
64.7%



A4


???
61.5%



A6


???
41.3%



F1


???
39.4%



B1


???
35.2%



A2


???
34.8%



F6


???
34.2%



C2


???
32.4%



D2


???
30.1%



B2


???
28.8%



C4


???
25.3%



F3


???
24.8%



F4


???
24.1%
Hint Answer % Correct



E4


???
23.1%



F5


???
22%



E2


???
21.7%



B4


???
21.2%



F2


???
21%



E6


???
19.5%



D4


???
17.6%



B3


???
16.5%



C1


???
14.4%



D1


???
12.5%



B6


???
11.9%



C3


???
10.9%



B5


???
10.8%



C5


???
10.4%



D3


???
9.8%



C6


???
8%



D5


???
7.7%



D6


???
7.6%

You're not logged in!

Compare scores with friends on all Sporcle quizzes.
OR
Log In

You Might Also Like...

Show Comments

Extras

Top Quizzes Today


Score Distribution

Your Account Isn't Verified!

In order to create a playlist on Sporcle, you need to verify the email address you used during registration. Go to your Sporcle Settings to finish the process.

Report this User

Report this user for behavior that violates our Community Guidelines.

Details: